| 000 | 00770nam a2200217Ii 4500 | ||
|---|---|---|---|
| 003 | JO-AjNU | ||
| 008 | 230605s9999||||xx |||||||||||||| ||und|| | ||
| 017 | _a2007/4/905 | ||
| 040 |
_aJO-AjNU _bara _erda _cJO-AjNU |
||
| 041 | _aara | ||
| 050 | 1 | 4 | _aTS155.L3538 2008 |
| 100 | 3 |
_aاللامي، غسان قاسم /م مشارك البياتي، شكرولي , _eauthor _928810 |
|
| 245 | 0 | 0 | _aادارة الانتاج والعمليات مرتكزات معرفية وكمية |
| 250 | _aط العربية | ||
| 264 | 3 | 1 | _aعمان:دار اليازوري، 2008 |
| 300 | _a586ص | ||
| 336 |
_atext _btxt _2rdacontent |
||
| 337 |
_aunmediated _bn _2rdamedia |
||
| 338 |
_avolume _bnc _2rdacarrier |
||
| 650 | 4 |
_aادارة العمليات والانتاج _928811 |
|
| 999 |
_aA11220 _c14788 _d14788 |
||